| 000 | 00499nam a2200181Ia 4500 | ||
|---|---|---|---|
| 999 |
_c14462 _d14462 |
||
| 003 | OSt | ||
| 005 | 20260305125034.0 | ||
| 008 | 190216s9999||||xx |||||||||||||| ||und|| | ||
| 020 | _a9780007214693 | ||
| 040 | _coclc | ||
| 082 |
_a869.3 _bCOE/V |
||
| 100 | 1 |
_aCoelho, Paulo _95599 |
|
| 245 | 4 |
_aThe Valkyries / _cPaulo Coelho |
|
| 260 |
_bHarper Collins Publishers , _c2007. _aLondon: |
||
| 300 | _a212p | ||
| 650 | _aEnglish | ||
| 942 |
_cBK _2ddc _h869.3 _iCOE/V _k869.3 _mCOE/V |
||